[Event "16th Battle of Senta Open A"]
[Site "Senta SRB"]
[Date "2012.07.20"]
[Round "8.4"]
[White "Matsenko,S"]
[Black "Andrijevic,M"]
[Result "1-0"]
[WhiteElo "2460"]
[BlackElo "2345"]

1.e4 c5 2.Nf3 e6 3.d4 cxd4 4.Nxd4 a6 5.Bd3 Nf6 6.Qe2 Nc6 7.Nxc6 dxc6 8.O-O Qc7
9.e5 Nd7 10.Bf4 Nc5 11.Nd2 Nxd3 12.cxd3 b6 13.Rac1 Bb7 14.Ne4 Qd7 15.Qe3 c5
16.Nd6+ Bxd6 17.exd6 O-O 18.d4 Qc6 19.f3 c4 20.b3 b5 21.bxc4 bxc4 22.Rb1 Qd7
23.Rb6 Bd5 24.Rfb1 Rfc8 25.Qc3 a5 26.R6b5 a4 27.Rc5 Rc6 28.Qa5 Rxc5 29.dxc5 f6
30.Qc7 Ra7 31.Rb8+ Kf7 32.Rd8 Rxc7 33.dxc7 Qb5 34.Rxd5 exd5 35.c8=Q Qb1+
36.Kf2 Qc2+ 37.Kg3 g5 38.Bd6 Qd1 39.Qf8+ Kg6 40.Qg8+ Kf5 41.Qxh7+ Ke6 42.Qg8+ Kf5
43.Kh3  1-0

[Event "XXI TCh-MKD 2012"]
[Site "Struga MKD"]
[Date "2012.07.20"]
[Round "5.2"]
[White "Stefanovski,D"]
[Black "Kryvoruchko,Y"]
[Result "0-1"]
[WhiteElo "2327"]
[BlackElo "2672"]

1.e4 c5 2.Nf3 e6 3.d4 cxd4 4.Nxd4 a6 5.Bd3 Nf6 6.Nc3 Qc7 7.Qe2 Bc5 8.Nb3 Bb4
9.Bd2 Nc6 10.g4 d6 11.a3 Bc5 12.O-O-O Nd4 13.Nxd4 Bxd4 14.g5 Nd7 15.f4 b5
16.Bxb5 Rb8 17.Bc4 O-O 18.Na4 Nc5 19.Nc3 Bb7 20.b4 Rfc8 21.bxc5 Qxc5 22.Nb1 Bxe4
23.Bb4 Qxc4 24.Qxc4 Rxc4 25.Rxd4 Rxd4 26.Re1 Bf5 27.Nc3 Rc8  0-1

[Event "27th Avoine Open"]
[Site "Avoine FRA"]
[Date "2012.07.21"]
[Round "1.39"]
[White "Naudion,G"]
[Black "Primel,D"]
[Result "1/2-1/2"]
[WhiteElo "2175"]
[BlackElo "1983"]

1.e4 c5 2.Nf3 e6 3.d4 cxd4 4.Nxd4 a6 5.Bd3 Qc7 6.Qe2 d6 7.c4 Nf6 8.Nc3 Nbd7
9.Be3 Ne5 10.f3 Be7 11.O-O Nxd3 12.Qxd3 O-O 13.Rac1 b6 14.Kh1 Bb7 15.Rfd1 Rac8
16.Na4 Nd7 17.Qb1 Rfe8 18.b4 Qb8 19.Nb3 Ba8 20.Bf4 Ne5 21.c5 bxc5 22.bxc5 dxc5
23.Qa1 Qb4 24.Bxe5 Qxa4 25.Bxg7 c4 26.Bh6 f6 27.Nd4 Kf7 28.e5 Rh8 29.Qc3 fxe5
30.Ne2 Bf6 31.Qe3 Rhd8 32.Nc3 Qa3 33.Bg5 Qe7 34.Bxf6 Qxf6 35.Ne4 Bxe4 36.Qxe4 Kg8
37.Rxd8+ Qxd8 38.Qxe5 Qd5 39.Qc3 e5 40.h3 Qd4 41.Qa5 Rc6 42.Qa4 Qc5 43.Rc3 Kg7
44.Qd1 Qd4 45.Qe1 h6 46.Rc1 Qf4 47.Rc2 Kf6 48.Re2 c3 49.Re4 Qd2 50.Kg1 Qxe1+
51.Rxe1 e4 52.Kf2 exf3 53.Kxf3 h5 54.Rc1 h4 55.Rc2 Kf5 56.Ke3 Kg5 57.Ke4 Rc4+
58.Kd3 Rc6 59.Ke4  1/2-1/2

[Event "23rd Czech Open A"]
[Site "Pardubice CZE"]
[Date "2012.07.21"]
[Round "2.34"]
[White "Tvarijonas,P"]
[Black "Boros,De"]
[Result "1-0"]
[WhiteElo "2324"]
[BlackElo "2485"]

1.e4 c5 2.Nf3 e6 3.d4 cxd4 4.Nxd4 a6 5.Bd3 Bc5 6.Be3 d6 7.Nd2 Ne7 8.c3 O-O
9.O-O Qc7 10.Qe2 Nbc6 11.Rac1 Ba7 12.Bb1 Bd7 13.Kh1 b5 14.Bg5 Ng6 15.Qh5 Rac8
16.N2f3 Na5 17.Rce1 Nc4 18.Bc1 f6 19.Nh4 Qc5 20.e5 Ncxe5 21.Nb3 Qc4 22.f4 Nd3
23.Rd1 Nc5 24.Nxc5 Qxc5 25.Qxc5 Rxc5 26.Nxg6 hxg6 27.Rxd6 Bb8 28.Rdd1  1-0

[Event "XIV ch-Gdansk Int 2012"]
[Site "Gdansk POL"]
[Date "2012.07.22"]
[Round "2.5"]
[White "Rybak,T"]
[Black "Plewa,P"]
[Result "1-0"]
[WhiteElo "2221"]
[BlackElo "1900"]

1.e4 c5 2.Nf3 e6 3.d4 cxd4 4.Nxd4 a6 5.Bd3 Bc5 6.Nb3 Be7 7.O-O d6 8.Nc3 Nf6
9.f4 Nbd7 10.Be3 b5 11.a3 Bb7 12.Kh1 O-O 13.Qe1 Re8 14.Qg3 g6 15.Rae1 Rc8
16.Bc1 d5 17.e5 Ne4 18.Qh3 Nxc3 19.bxc3 Nc5 20.Nxc5 Bxc5 21.f5 exf5 22.Bxf5 gxf5
23.Qxf5 Qe7 24.Bg5 Qe6 25.Qf4 f5 26.Bf6 Rf8 27.Qg5+ Kf7 28.Qh5+ Kg8 29.Rxf5 Rf7
30.Ref1 Be3 31.Qh3 Rxf6 32.exf6 Qe4 33.Qg4+ Kf7 34.Qg7+ Ke8 35.f7+  1-0

[Event "ch-AUT 2012"]
[Site "Zwettl AUT"]
[Date "2012.07.22"]
[Round "2.16"]
[White "Zsifkovits,R"]
[Black "Mayerhofer,P"]
[Result "1-0"]
[WhiteElo "2152"]
[BlackElo "2266"]

1.e4 c5 2.Nf3 e6 3.d4 cxd4 4.Nxd4 a6 5.Bd3 Nf6 6.Nc3 Qc7 7.Qe2 d6 8.Be3 Be7
9.g4 Nc6 10.g5 Nd7 11.f4 b5 12.O-O-O b4 13.Nd5 exd5 14.exd5 Nxd4 15.Bxd4 Nc5
16.Rhe1 Kf8 17.Bxc5 dxc5 18.d6 Qxd6 19.Qe4 Rb8 20.Bc4 Qc7 21.Kb1 g6 22.Qd5 Be6
23.Rxe6 fxe6 24.Qxe6 Bd8 25.Rd7 Qxd7 26.Qxd7 Be7 27.Qe6 Ke8 28.Qe5 Kd7 29.Qe6+ Ke8
30.f5 gxf5 31.Qf7+ Kd8 32.Qxf5 Rb6 33.b3 Rf8 34.Qd5+ Rd6 35.Qa8+ Kc7 36.Qa7+ Kd8
37.h4 h6 38.gxh6 Rd1+ 39.Kb2 Rf2 40.Qb8+ Kd7 41.Qb7+ Kd8 42.Qb6+ Kd7 43.Qe6+ Kd8
44.h7 Rf8 45.Qb6+ Ke8 46.Qb8+ Rd8 47.Qe5 Kd7 48.Bg8 Bf6 49.Qxf6 Rxf6 50.h8=Q  1-0

[Event "Corporation Centre Cup A"]
[Site "Izhevsk RUS"]
[Date "2012.07.24"]
[Round "9.9"]
[White "Ziatdinov,R"]
[Black "Fedorov,Alex"]
[Result "0-1"]
[WhiteElo "2385"]
[BlackElo "2562"]

1.e4 c5 2.Nf3 e6 3.d4 cxd4 4.Nxd4 a6 5.Bd3 Bc5 6.Nb3 Be7 7.Qg4 g6 8.O-O d6
9.Qe2 Nd7 10.a4 Ne5 11.a5 Nf6 12.Be3 O-O 13.Bb6 Qe8 14.f4 Nxd3 15.cxd3 e5
16.Nc3 Be6 17.Nd2 exf4 18.Rxf4 d5 19.e5 Nh5 20.Rff1 Qd7 21.Nf3 Ng7 22.Qd2 Bg4
23.Ra4 Bxf3 24.Rxf3 Ne6 25.Rg4 f5 26.exf6 Bxf6 27.Qd1 Rae8 28.h3 Be5 29.Bf2 Qd6
30.h4 Kh8 31.d4 Bg7 32.Qb3 Rxf3 33.gxf3 Nf4 34.Qxb7 Nh3+ 35.Kg2 Nxf2 36.Kxf2 Qh2+
37.Kf1 Qh3+ 38.Kf2 Rf8 39.Qd7 h5  0-1

[Event "ch-AUT 2012"]
[Site "Zwettl AUT"]
[Date "2012.07.24"]
[Round "4.7"]
[White "Schwabeneder,Florian"]
[Black "Weiss,C"]
[Result "0-1"]
[WhiteElo "2266"]
[BlackElo "2417"]

1.e4 c5 2.Nf3 e6 3.d4 cxd4 4.Nxd4 a6 5.Bd3 Nf6 6.Qe2 d6 7.c4 g6 8.Nc3 Bg7
9.Be3 O-O 10.O-O Nbd7 11.h3 Qc7 12.Rac1 b6 13.f4 Bb7 14.Nf3 Nc5 15.Bd2 Nh5
16.Kh2 d5 17.e5 Nxd3 18.Qxd3 dxc4 19.Qe2 Bh6 20.Ne4 b5 21.Nfg5 Rfd8 22.Be3 Bxg5
23.Nxg5 Ng7 24.b3 Rac8 25.bxc4 bxc4 26.Qf2 Rd3 27.Rfd1 Rxd1 28.Rxd1 h6 29.Nf3 Bxf3
30.Qxf3 Nf5 31.Bc1 c3 32.g4 c2 33.Rd3 Ne7 34.Rd6 Nd5 35.f5 Qc3 36.Qe4 Qb4
37.Qd3 Qb1 38.fxe6 Qxc1 39.exf7+ Kf8 40.Rxd5 Qf4+ 41.Kg2 c1=Q 42.Rd8+ Rxd8
43.Qxd8+ Kxf7  0-1

[Event "27th Avoine Open"]
[Site "Avoine FRA"]
[Date "2012.07.25"]
[Round "5.12"]
[White "Petre,NT"]
[Black "Trouve,G"]
[Result "1-0"]
[WhiteElo "2362"]
[BlackElo "1796"]

1.e4 c5 2.Nf3 e6 3.d4 cxd4 4.Nxd4 a6 5.Bd3 d5 6.exd5 Qxd5 7.O-O Nd7 8.Be3 Bc5
9.Nc3 Qe5 10.Qg4 Ngf6 11.Qh4 g5 12.Nf3 Qxe3 13.Nxg5 Qd4 14.Be4 Nxe4 15.Ngxe4 Be7
16.Qh6 Bf8 17.Qh3 Qg7 18.Rfe1 Kd8 19.Rad1 Rg8 20.g3 Kc7 21.Qf1 Ne5 22.f4 Nc6
23.f5 Bb4 24.fxe6 fxe6 25.Nf6 Bc5+ 26.Kh1 Rf8 27.Qf4+ Kb6 28.Nce4 Be7 29.Rf1 Ka7
30.g4 e5 31.Qe3+ Kb8 32.g5 Be6 33.Qb6 Qg6 34.Nc5 Bxc5 35.Qxc5 Qg7 36.Nd7+ Bxd7
37.Qxf8+ Qxf8 38.Rxf8+ Ka7 39.Rxa8+ Kxa8 40.Rxd7 Nd4 41.Rxd4 exd4 42.h4  1-0

[Event "Dutch Open 2012"]
[Site "Dieren NED"]
[Date "2012.07.25"]
[Round "2.1"]
[White "Smeets,J"]
[Black "De Jong,M"]
[Result "1/2-1/2"]
[WhiteElo "2620"]
[BlackElo "2358"]

1.e4 c5 2.Nf3 e6 3.d4 cxd4 4.Nxd4 a6 5.Bd3 Nf6 6.O-O e5 7.Nb3 d6 8.c4 Be7
9.Nc3 O-O 10.h3 a5 11.Be3 a4 12.Nd2 Bd7 13.Ndb1 Bc6 14.Nd5 Nbd7 15.Nbc3 Nc5
16.Bc2 Bxd5 17.cxd5 Qa5 18.Bxc5 dxc5 19.Bxa4 Nxe4 20.Nxe4 Qxa4 21.Re1 Qxd1
22.Rexd1 f5 23.d6 fxe4 24.dxe7 Rfe8 25.Rd5 Rxe7 26.Rxc5 Ra4 27.Kf1 Kf7 28.Ke2 Ke6
29.a3 Rd4 30.Rac1 Red7 31.R1c2 h5 32.Rc7 Rd2+ 33.Rxd2 Rxc7 34.Kd1 Kf5 35.Rd5 Kf4
36.Kd2 h4 37.a4 e3+ 38.fxe3+ Kg3 39.Rxe5 Kxg2 40.Rg5+ Kxh3 41.a5 Kh2 42.b4 h3
43.b5 Kh1 44.e4 h2 45.b6 Rf7 46.Ke3 Rd7 47.Kf4 Rd4 48.Kf5 g6+ 49.Rxg6 Rd5+
50.Ke6 Rd6+ 51.Kxd6  1/2-1/2

[Event "23rd Czech Open A"]
[Site "Pardubice CZE"]
[Date "2012.07.25"]
[Round "6.60"]
[White "Ponizil,C"]
[Black "Petermann,M"]
[Result "1-0"]
[WhiteElo "2396"]
[BlackElo "2259"]

1.e4 c5 2.Nf3 e6 3.d4 cxd4 4.Nxd4 a6 5.Bd3 Nf6 6.O-O e5 7.Nf3 Nc6 8.Nc3 Bc5
9.Nd5 d6 10.Bg5 Be6 11.c4 Bxd5 12.exd5 Nd4 13.Nd2 h6 14.Bxf6 Qxf6 15.b4 Ba7
16.Qa4+ b5 17.cxb5 axb5 18.Bxb5+ Ke7 19.Bc6 Nf3+ 20.Nxf3 Bxf2+ 21.Rxf2 Rxa4
22.Bxa4 Qf4 23.a3 Qc4 24.Bc6 f5 25.b5 g5 26.b6 Qc3 27.Re1 g4 28.Nd2 Qxa3
29.Rxf5 Qc5+ 30.Kh1 Qxb6 31.Ref1 Qb4 32.Rf7+ Kd8 33.Rb1  1-0

[Event "23rd Czech Open A"]
[Site "Pardubice CZE"]
[Date "2012.07.26"]
[Round "7.53"]
[White "Olsarova,T"]
[Black "Coleman,T"]
[Result "0-1"]
[WhiteElo "2244"]
[BlackElo "2379"]

1.e4 c5 2.Nf3 e6 3.d4 cxd4 4.Nxd4 a6 5.Bd3 Bc5 6.Nb3 Ba7 7.O-O Nc6 8.Qe2 d6
9.Be3 Nf6 10.c4 e5 11.Nc3 Be6 12.h3 O-O 13.Bxa7 Rxa7 14.Qe3 Nd7 15.Nd5 a5
16.a4 b6 17.Rfd1 Nc5 18.Bf1 Bxd5 19.cxd5 Nxb3 20.Qxb3 Nd4 21.Qd3 Qd7 22.Rdc1 Rc8
23.Qd1 Rc5 24.Bc4 Rac7 25.b3 f5 26.f4 fxe4 27.fxe5 dxe5 28.d6+ Rxc4 29.dxc7 Rxc7
30.Kh2 e3 31.Qh5 Rxc1 32.Rxc1 Qe6 33.Qg5 e2 34.Qd8+ Kf7 35.h4 Qf5 36.Kg1 Qf4
37.Qc7+ Kg6 38.Qxb6+ Kh5 39.Qc7 Qe3+ 40.Kh2 e1=Q 41.Rxe1 Qxe1 42.g4+ Kxh4
43.Qe7+ g5  0-1

[Event "23rd Czech Open A"]
[Site "Pardubice CZE"]
[Date "2012.07.26"]
[Round "7.13"]
[White "Steinberg,N"]
[Black "Ivanov,Ol UKR"]
[Result "1-0"]
[WhiteElo "2326"]
[BlackElo "2506"]

1.e4 c5 2.Nf3 e6 3.d4 cxd4 4.Nxd4 a6 5.Bd3 Bc5 6.Nb3 Be7 7.O-O d6 8.Nc3 Nf6
9.Be3 O-O 10.f4 Nc6 11.a3 Qc7 12.Qf3 Re8 13.g4 b5 14.g5 Nd7 15.Qh3 g6 16.Rae1 b4
17.Nd1 bxa3 18.bxa3 Bf8 19.Nf2 f5 20.exf5 gxf5 21.Ng4 Ne7 22.Bd4 Ng6 23.Nh6+ Bxh6
24.Qxh6 e5 25.Bxf5 Ndf8 26.Bd3 Bb7 27.f5 exd4 28.Rxe8 Rxe8 29.fxg6 Bd5 30.gxh7+ Nxh7
31.Qg6+  1-0

[Event "23rd Czech Open A"]
[Site "Pardubice CZE"]
[Date "2012.07.26"]
[Round "7.19"]
[White "Gopal,G"]
[Black "Malakhov,I"]
[Result "1-0"]
[WhiteElo "2550"]
[BlackElo "2442"]

1.e4 c5 2.Nf3 e6 3.d4 cxd4 4.Nxd4 a6 5.Bd3 Ne7 6.O-O Nbc6 7.Nxc6 Nxc6 8.Be3 Be7
9.Nd2 O-O 10.c3 b5 11.f4 Bb7 12.Qh5 g6 13.Qh3 Rc8 14.Nf3 d6 15.Rad1 b4 16.c4 Qa5
17.Bb1 Qh5 18.Qg3 Qh6 19.b3 e5 20.Bc1 Qg7 21.Qh3 h5 22.f5 Rcd8 23.Kh1 Rfe8
24.Rg1 Nd4 25.g4 Nxf3 26.Qxf3 h4 27.Rdf1 f6 28.g5 Rf8 29.gxf6 Qxf6 30.Qh5  1-0

[Event "TCh-CRC Premier 2012"]
[Site "San Jose CRC"]
[Date "2012.07.26"]
[Round "5.4"]
[White "Duran Vega,S"]
[Black "Ramirez,Alej"]
[Result "0-1"]
[WhiteElo "2303"]
[BlackElo "2576"]

1.e4 c5 2.Nf3 e6 3.d4 cxd4 4.Nxd4 a6 5.Bd3 Qb6 6.Nb3 Qc7 7.O-O Nf6 8.c4 d6
9.Nc3 Be7 10.Qe2 b6 11.f4 Nbd7 12.Bd2 Bb7 13.Rae1 Rd8 14.Bc2 O-O 15.Kh1 g6
16.Nd4 Rfe8 17.Nf3 Bf8 18.e5 Bxf3 19.Rxf3 dxe5 20.fxe5 Qxe5 21.Qf1 Qc7 22.Bg5 Ng4
23.Rg3 h5 24.Bxd8 Rxd8 25.Ne4 Nxh2 26.Kxh2 h4 27.Kh3 hxg3 28.Ng5 Nc5 29.b4 Qe7
30.Qxf7+ Qxf7 31.Nxf7 Kxf7 32.bxc5 Bxc5 33.Kxg3 Rd2 34.Rf1+ Ke7 35.Bb3 Re2
36.Kf3 Re3+ 37.Kg4 e5 38.Rh1 e4 39.Kf4 Re2 40.Bd1 Bd6+ 41.Kg5 Rxg2+ 42.Bg4 Bb4
43.Rh7+ Kd6 44.Ra7 Bd2+ 45.Kh4 g5+ 46.Kh3 Rf2 47.Kg3 Be1  0-1

[Event "PAB Romania Open 2012"]
[Site "Arad ROU"]
[Date "2012.07.27"]
[Round "2.11"]
[White "Vedmediuc,S"]
[Black "Marcu,A"]
[Result "1-0"]
[WhiteElo "2468"]
[BlackElo "2044"]

1.e4 c5 2.Nf3 e6 3.d4 cxd4 4.Nxd4 a6 5.Bd3 Nf6 6.O-O Qc7 7.Qe2 d6 8.f4 Nbd7
9.Kh1 b5 10.a4 bxa4 11.Nc3 Bb7 12.Nxa4 Be7 13.b3 h5 14.Bb2 h4 15.Kg1 Nc5
16.Nxc5 Qxc5 17.Bxa6 Bxe4 18.Qxe4 Rxa6 19.Qb7 Rb6 20.Qa8+ Bd8 21.Ra4 O-O
22.Rc4 Qh5 23.Rc8 Be7 24.Nc6 Rxc6 25.Rxf8+ Bxf8 26.Qxc6 Nd5 27.c4 Ne3 28.Rf3 Nf5
29.Qe4 d5 30.cxd5 Bc5+ 31.Kf1 exd5 32.Qd3 Qg4 33.Qxd5 h3 34.Qa8+ Bf8 35.gxh3 Qg6
36.Ba3 Nd6 37.Bxd6 Qxd6 38.Qe4 Qd2 39.Rd3 Qxh2 40.Qf3 Qc2 41.Rd8 Qb1+ 42.Qd1 Qf5
43.Rxf8+  1-0

[Event "21st Kavala Open A"]
[Site "Kavala GRE"]
[Date "2012.07.27"]
[Round "3"]
[White "Pavlidis,Ant"]
[Black "Bosiocic,Mari"]
[Result "1-0"]
[WhiteElo "2462"]
[BlackElo "2570"]

1.e4 c5 2.Nf3 e6 3.d4 cxd4 4.Nxd4 a6 5.Bd3 Bc5 6.Nb3 Ba7 7.Qg4 Nf6 8.Qg3 d6
9.Nc3 Nc6 10.Bg5 h6 11.Bd2 e5 12.O-O-O Nh5 13.Qf3 Nf6 14.Qg3 g6 15.Nd5 Be6
16.Qf3 Nd7 17.h4 a5 18.a4 Kf8 19.Bc3 Kg7 20.Qg3 Nc5 21.Nxc5 Bxc5 22.f4 Nb4
23.Bc4 Bxd5 24.Bxd5 f6 25.h5 Qe8 26.fxe5 fxe5 27.Rhf1 Nxd5 28.Rxd5 b6 29.hxg6 Ra7
30.Rxe5 dxe5 31.Bxe5+  1-0

[Event "27th Avoine Open"]
[Site "Avoine FRA"]
[Date "2012.07.28"]
[Round "8.7"]
[White "Guliyev,N"]
[Black "Colin,V"]
[Result "1/2-1/2"]
[WhiteElo "2539"]
[BlackElo "2391"]

1.e4 c5 2.Nf3 e6 3.d4 cxd4 4.Nxd4 a6 5.Bd3 d5 6.exd5 Qxd5 7.Nc3 Qe5+ 8.Be3 Nd7
9.O-O Bc5 10.Nf3 Qc7 11.Ne4 Bxe3 12.fxe3 Ndf6 13.Nxf6+ Nxf6 14.Qe1 Bd7 15.e4 Bc6
16.Kh1 Ng4 17.a4 f6 18.Qh4 Ne5 19.Qg3 O-O 20.b4 a5 21.b5 Bd7 22.Nxe5 fxe5
23.h4 Rf4 24.Rf3 Raf8 25.Raf1 b6 26.Kh2 R8f6 27.Qe1 Be8 28.Rxf4 exf4 29.e5 Rf8
30.Kh3 Bg6 31.Bxg6 hxg6 32.Qe4 Rf5 33.Rxf4 Rxf4 34.Qxf4 Qxc2 35.Qd4 Kh7 36.Kh2 Qb3
37.Qxb6 Qxa4 38.Qxe6 Qxb5 39.Qd6 a4 40.e6 a3 41.Qxa3 Qe5+ 42.Qg3  1/2-1/2

[Event "27th Avoine Open"]
[Site "Avoine FRA"]
[Date "2012.07.28"]
[Round "8.37"]
[White "Auvray,J"]
[Black "Come,A"]
[Result "1-0"]
[WhiteElo "1941"]
[BlackElo "2204"]

1.e4 c5 2.Nf3 e6 3.d4 cxd4 4.Nxd4 a6 5.Bd3 Bc5 6.Nb3 Ba7 7.Qg4 Nf6 8.Qe2 d6
9.c4 Qc7 10.Nc3 Nbd7 11.O-O O-O 12.Bg5 Re8 13.Kh1 b6 14.f4 Bb7 15.Rae1 e5
16.f5 Rac8 17.Rf3 Bc6 18.Rg3 b5 19.cxb5 axb5 20.Bh6 g6 21.fxg6 fxg6 22.Bxb5 d5
23.exd5 Nxd5 24.Nxd5 Bxd5 25.Qd3 Qd6 26.Rd1 Bd4 27.Nxd4 exd4 28.Rg4 Nf6 29.Rxg6+ Kf7
30.Bxe8+ Rxe8 31.Rg7+  1-0

[Event "23rd Czech Open A"]
[Site "Pardubice CZE"]
[Date "2012.07.28"]
[Round "9.76"]
[White "Moritz,A"]
[Black "Meskovs,N"]
[Result "1-0"]
[WhiteElo "2104"]
[BlackElo "2347"]

1.e4 c5 2.Nf3 e6 3.d4 cxd4 4.Nxd4 a6 5.Bd3 Qc7 6.O-O Nf6 7.Qe2 d6 8.c4 Nbd7
9.f4 Be7 10.Nc3 b6 11.Kh1 g6 12.Bd2 Bb7 13.b4 h5 14.a3 h4 15.Nf3 Nh5 16.f5 gxf5
17.exf5 e5 18.Be4 Nhf6 19.Bxb7 Qxb7 20.Kg1 Rc8 21.Rac1 Rg8 22.Bg5 h3 23.g3 Bd8
24.Nd1 Ne4 25.Bxd8 Kxd8 26.Ne3 Ndf6 27.Nd5 Rg4 28.Rcd1 Nxd5 29.Nxe5 Ndc3
30.Qxg4 Kc7 31.Nf3 Ne2+ 32.Kh1 Kb8 33.Qxh3 Rxc4 34.Rd3 Rc1 35.Qh8+ Rc8 36.Qb2 N4c3
37.Re3 Qd5 38.Rxe2 Nxe2 39.Qxe2  1-0

[Event "Politiken Cup 2012"]
[Site "Helsingor DEN"]
[Date "2012.07.29"]
[Round "3.25"]
[White "Blomqvist,E"]
[Black "Sorensen,D"]
[Result "1-0"]
[WhiteElo "2457"]
[BlackElo "2023"]

1.e4 c5 2.Nf3 e6 3.d4 cxd4 4.Nxd4 a6 5.Bd3 Qc7 6.O-O Nf6 7.Qe2 d6 8.c4 Be7
9.Nc3 O-O 10.f4 Nbd7 11.Kh1 b6 12.Bd2 Bb7 13.Rae1 e5 14.Nf5 Nc5 15.Bb1 Rfe8
16.fxe5 dxe5 17.Nd5 Nxd5 18.exd5 Bf8 19.b4 Nd7 20.Nh6+ gxh6 21.Qg4+ Kh8 22.Qf5 e4
23.Rxe4 Rxe4 24.Bxe4 Nf6 25.Bc3 Bg7 26.Bxf6  1-0

[Event "Tabor Open 2012"]
[Site "Tabor CZE"]
[Date "2012.07.30"]
[Round "2.40"]
[White "Konvicka,Martin"]
[Black "Skorepa,Tomas"]
[Result "1-0"]
[WhiteElo "1923"]
[BlackElo "1679"]

1.e4 c5 2.Nf3 e6 3.d4 cxd4 4.Nxd4 a6 5.Bd3 Nf6 6.O-O Qc7 7.Qe2 d6 8.Nc3 Be7
9.Bd2 b5 10.a4 b4 11.Na2 d5 12.e5 Nfd7 13.Rfe1 Qb6 14.Qg4 g6 15.a5 Qxa5 16.Nxb4 Qb6
17.Nf3 Bc5 18.Re2 a5 19.Ng5 h5 20.Qf4 Rf8 21.Nxf7 g5 22.Qxg5 Rxf7 23.Nxd5 exd5
24.e6 Re7 25.exd7+ Kxd7 26.Rxe7+ Bxe7 27.Qxd5+ Kc7 28.Qxa5 Bb7 29.Qxa8 Bxa8  1-0

[Event "Tabor Open 2012"]
[Site "Tabor CZE"]
[Date "2012.07.31"]
[Round "4.25"]
[White "Omelka,A"]
[Black "Mojzis,Jar"]
[Result "0-1"]
[WhiteElo "1957"]
[BlackElo "2188"]

1.e4 c5 2.Nf3 e6 3.d4 cxd4 4.Nxd4 a6 5.Bd3 Qc7 6.Be3 Nf6 7.Qe2 Nc6 8.O-O d5
9.Nxc6 dxe4 10.Bc4 Qxc6 11.a4 Bd7 12.Nc3 Rc8 13.Bb3 Be7 14.Bd4 O-O 15.Rfe1 Rfd8
16.a5 Qd6 17.Rad1 Qf4 18.Bb6 Bc6 19.g3 Qf5 20.Ba4 Rxd1 21.Rxd1 e3 22.Bxc6 exf2+
23.Qxf2 Qxf2+ 24.Kxf2 Rxc6 25.Bd8 Kf8 26.Rd3 Ke8 27.Bxe7 Kxe7 28.Rd4 b6 29.axb6 Rxb6
30.Na4 Rb5 31.Rc4 Kd6 32.b3 h5 33.h3 Rf5+ 34.Ke3 Re5+ 35.Kf3 g5 36.Rb4 g4+
37.hxg4 hxg4+ 38.Kf2 Ne4+ 39.Kg2 a5 40.Rd4+ Ke7 41.Nb6 f5 42.Rd7+ Kf6 43.Ra7 Kg6
44.Nc4 Rd5 45.Rxa5 Rxa5 46.Nxa5 Kf6 47.b4 Nc3 48.Nc4 e5 49.Kf2 Ke6 50.Ke3 Nd5+  0-1

[Event "Tabor Open 2012"]
[Site "Tabor CZE"]
[Date "2012.07.31"]
[Round "4.43"]
[White "Horak,Jaroslav"]
[Black "Valtr,Filip"]
[Result "0-1"]
[WhiteElo "1610"]
[BlackElo "1919"]

1.e4 c5 2.Nf3 e6 3.d4 cxd4 4.Nxd4 a6 5.Bd3 Qc7 6.O-O Nf6 7.f4 d6 8.Kh1 Be7
9.Nc3 b5 10.Be3 Bb7 11.a3 O-O 12.h3 Nc6 13.Nf3 Rad8 14.Qe1 e5 15.f5 d5 16.Bg5 Nd4
17.Nxd4 exd4 18.Bf4 Qc6 19.e5 dxc3 20.bxc3 d4 21.Qf2 Nh5 22.f6 Bxf6 23.Bh2 Bh4
24.Qe2 Ng3+ 25.Bxg3 Bxg3 26.Rf3 Bh4 27.Rf4 Qh6 28.Qg4 Bg5 29.Rxd4 Bd2 30.Be4 Bxc3
31.Rxd8 Rxd8 32.Rf1 Bxe4 33.Qxe4 Qe6 34.Qh4 Re8  0-1

[Event "Olomouc GM Valoz Cup"]
[Site "Olomouc CZE"]
[Date "2012.08.02"]
[Round "2.5"]
[White "Steinberg,N"]
[Black "Arutinian,D"]
[Result "1-0"]
[WhiteElo "2343"]
[BlackElo "2558"]

1.e4 c5 2.Nf3 e6 3.d4 cxd4 4.Nxd4 a6 5.Bd3 Nf6 6.Nc3 Qc7 7.O-O Be7 8.a3 O-O
9.Be3 Nc6 10.Nxc6 bxc6 11.f4 d6 12.Qf3 e5 13.f5 Bb7 14.g4 d5 15.Bf2 Rfd8
16.Rae1 d4 17.Nb1 Ne8 18.h4 a5 19.Nd2 Ba6 20.Bg3 f6 21.g5 Qb7 22.Nc4 a4 23.gxf6 gxf6
24.Kh1 Bd6 25.Rg1 Kh8 26.Qh5 Rd7 27.Nxd6 Nxd6 28.Qh6 Rf7 29.Bxe5 fxe5 30.Qxd6 Re8
31.Rg2 Bb5 32.Reg1 Qe7 33.Qh6 Qf6 34.Rg6 Qe7 35.f6 Qd7 36.Kh2 Bxd3 37.cxd3 Rb8
38.R1g2 c5 39.Rg7 Rxg7 40.Rxg7  1-0

[Event "Tabor Open 2012"]
[Site "Tabor CZE"]
[Date "2012.08.04"]
[Round "8.15"]
[White "Ruzicka,A"]
[Black "Mojzis,Jar"]
[Result "1-0"]
[WhiteElo "2080"]
[BlackElo "2188"]

1.e4 c5 2.Nf3 e6 3.d4 cxd4 4.Nxd4 a6 5.Bd3 Bc5 6.Nb3 Ba7 7.O-O Nc6 8.Nc3 Nf6
9.Qe2 d6 10.Be3 Bxe3 11.Qxe3 Qc7 12.f4 b5 13.Qg3 O-O 14.Rae1 Nd7 15.f5 Kh8
16.Ne2 e5 17.Nc3 Nb4 18.Nd2 Bb7 19.a3 Nxd3 20.cxd3 a5 21.Kh1 b4 22.Nb5 Qb8
23.Nc4 Bxe4 24.Nbxd6 Bd5 25.Nxe5 Nf6 26.Ndc4 Kg8 27.Qh4 Re8 28.Ng4 Nxg4 29.Qxg4 f6
30.Ne3 Bc6 31.Qc4+  1-0

[Event "10th EU U14 2012"]
[Site "Mureck AUT"]
[Date "2012.08.05"]
[Round "5.7"]
[White "Simonsen,Mathias Kejlstrup"]
[Black "Fuskova,M"]
[Result "0-1"]
[WhiteElo "1822"]
[BlackElo "1752"]

1.e4 c5 2.Nf3 e6 3.d4 cxd4 4.Nxd4 a6 5.Bd3 Bc5 6.Nb3 Ba7 7.Qg4 Nf6 8.Qg3 d6
9.Nc3 Nc6 10.Bg5 h6 11.Bd2 Ne5 12.Be2 h5 13.Bg5 Bd7 14.f4 Ng6 15.O-O-O Qc7
16.Qd3 O-O-O 17.Kb1 Bc6 18.Nd4 Ne7 19.h3 e5 20.Nb3 Kb8 21.Qf3 d5 22.fxe5 dxe4
23.Qf1 Rxd1+ 24.Bxd1 Nfd5 25.Qxf7 Qxe5 26.Bxe7 Nxe7 27.Bxh5 Rxh5 28.Rf1 Rf5  0-1

[Event "Olomouc Summer Open"]
[Site "Olomouc CZE"]
[Date "2012.08.06"]
[Round "6.2"]
[White "Blahynka,M"]
[Black "Sivuk,V"]
[Result "1/2-1/2"]
[WhiteElo "2145"]
[BlackElo "2480"]

1.e4 c5 2.Nf3 e6 3.d4 cxd4 4.Nxd4 a6 5.Bd3 Nf6 6.O-O e5 7.Nb3 d6 8.c4 Be7
9.Nc3 O-O 10.Nd5 Nxd5 11.cxd5 f5 12.f4 fxe4 13.Bxe4 Nd7 14.fxe5 Qb6+ 15.Qd4 Rxf1+
16.Kxf1 dxe5 17.Qxb6 Nxb6 18.d6 Bxd6 19.Be3 Na4 20.Na5 Be6 21.Nxb7 Rf8+ 22.Kg1 Be7
23.b3 Nc3 24.Bc5 Bxc5+ 25.Nxc5 Bg4 26.Re1 a5 27.h3 Be2 28.Bd3 Rc8 29.Bxe2 Rxc5
30.Bc4+ Kf8 31.Rf1+ Ke8 32.Rf2 h6 33.Rc2 Ne4 34.Bd3 Rxc2 35.Bxc2 Nc3 36.a3 Ke7
37.Kf2 Kd6 38.b4 axb4 39.axb4 Kd5 40.Bd3 Kd4 41.Bf1 Nd5 42.b5 e4 43.Be2 Kc3
44.b6 Nxb6 45.Ke3 Nd7 46.Kxe4 Kd2 47.Bf3 Nf8 48.Kf5 Ke3 49.h4 Kf2 50.h5 Kg3
51.Bc6 Kh4 52.Be8 Nh7 53.Kg6 Nf6 54.Kxg7 Kg5 55.Bg6 Ng4 56.g3 Nf6 57.Bf7 Nd7
58.g4 Nf6 59.Be6  1/2-1/2

[Event "Open ch-MKD 2012"]
[Site "Struga MKD"]
[Date "2012.08.06"]
[Round "3.8"]
[White "Pejchinoski,Dejan"]
[Black "Petrov,G MKD"]
[Result "0-1"]
[WhiteElo "1664"]
[BlackElo "2206"]

1.e4 c5 2.Nf3 e6 3.d4 cxd4 4.Nxd4 a6 5.Bd3 Qc7 6.O-O Nf6 7.Nc3 d6 8.a4 b6
9.Be3 Bb7 10.Nb3 Nbd7 11.Qe2 Be7 12.f3 O-O 13.Bf2 Rfc8 14.Rfd1 Ne5 15.a5 b5
16.Bb6 Qc6 17.Nxb5 axb5 18.Bxb5 Qxc2 19.Qe3 Nc4 20.Bxc4 Qxc4 21.Rdc1 Qb4
22.Rxc8+ Bxc8 23.Rc1 Nd7 24.Bc7 Nc5 25.Nxc5 dxc5 26.Bb6 Qxb2  0-1

[Event "FSIMB August 2012"]
[Site "Budapest HUN"]
[Date "2012.08.07"]
[Round "4.1"]
[White "Grimm,D"]
[Black "Nguyen Huynh Minh Huy"]
[Result "0-1"]
[WhiteElo "2171"]
[BlackElo "2441"]

1.e4 c5 2.Nf3 e6 3.d4 cxd4 4.Nxd4 a6 5.Bd3 Qc7 6.O-O Nf6 7.Qe2 d6 8.c4 g6
9.Rd1 Bg7 10.Nc3 O-O 11.h3 b6 12.Be3 Nbd7 13.Nf3 Bb7 14.Rac1 Nc5 15.Bf4 h6
16.Bb1 e5 17.Bd2 a5 18.b3 Rac8 19.Nh2 Qe7 20.Ng4 Kh7 21.Qe3 Ng8 22.Qg3 h5
23.Nh2 Bh6 24.Nf3 Ne6 25.Be3 Bc6 26.h4 Bxe3 27.fxe3 Nf6 28.Rf1 Kg7 29.Rcd1 Nc5
30.Ng5 Ng4 31.Rd2 Rcd8 32.Bc2 Ne6 33.Nh3 Kh8 34.Rdd1 Qb7 35.Nf2 Nf6 36.Nd5 Bxd5
37.exd5 Nc5 38.Qg5 Kg7 39.Rd2 b5 40.cxb5 Qxb5 41.Qg3 Rc8 42.e4 Qb4 43.Re2 Ncd7
44.Rd1 Rc3 45.Rd3 Rfc8 46.Rxc3 Rxc3 47.Qg5 Qc5 48.Qd2 Ng4 49.Kh1 Nxf2+ 50.Rxf2 Nf6
51.Re2 Ng4 52.a4 Ne3  0-1

[Event "FSIMA August 2012"]
[Site "Budapest HUN"]
[Date "2012.08.07"]
[Round "4.2"]
[White "Lengyel,B"]
[Black "Mahmud,S"]
[Result "0-1"]
[WhiteElo "2258"]
[BlackElo "2289"]

1.e4 c5 2.Nf3 e6 3.d4 cxd4 4.Nxd4 a6 5.Bd3 Qc7 6.O-O Nf6 7.Qe2 d6 8.c4 Nbd7
9.b3 b6 10.Bb2 Bb7 11.Nc3 g6 12.Rad1 Bg7 13.Bb1 O-O 14.Qd2 Rfd8 15.f3 Rac8
16.Kh1 Nc5 17.Qf2 d5 18.exd5 exd5 19.b4 Ncd7 20.cxd5 Ne5 21.d6 Qc4 22.a3 Rxd6
23.Nce2 Nd5 24.Qg1 a5 25.Rc1 Qa6 26.Rxc8+ Bxc8 27.b5 Qa7 28.Rc1 Bd7 29.a4 Nb4
30.Qe3 Qb8 31.h3 Nd5 32.Qb3 Bh6 33.Rf1 Ne3 34.Rg1 N5c4 35.Bc3 Qc8 36.g4 Qd8
37.Kh2 Bg7 38.Nc6 Qh4 39.Be1 Qf6 40.Be4 Be6 41.Kh1 h6 42.Bg3 Rd2 43.Nf4 Bd7
44.Nd5 Nxd5 45.Qxc4 Nc3 46.Ne5 Ne2 47.Nxd7 Nxg3+ 48.Rxg3 Rxd7 49.Qc8+ Rd8
50.Qc7 Rd2 51.Rg1 Qd4 52.Qb8+ Kh7 53.Qf4 Qf2 54.Qg3 Qd4 55.Qf4 Kg8 56.Qb8+ Bf8
57.g5 Qd7  0-1

[Event "FSIMB August 2012"]
[Site "Budapest HUN"]
[Date "2012.08.08"]
[Round "5.2"]
[White "Tamin,U"]
[Black "Corke,A"]
[Result "1-0"]
[WhiteElo "2182"]
[BlackElo "2254"]

1.e4 c5 2.Nf3 e6 3.d4 cxd4 4.Nxd4 a6 5.Bd3 Bc5 6.Nb3 Be7 7.O-O Nc6 8.Nc3 Nf6
9.f4 d6 10.Kh1 Qc7 11.Qf3 Bd7 12.Be3 Rc8 13.Rae1 b5 14.a3 Nd8 15.Nd4 Nc6
16.Qg3 g6 17.Nf3 Na5 18.Bd4 Nc6 19.Be3 Rb8 20.h3 b4 21.axb4 Nxb4 22.Qf2 O-O
23.f5 exf5 24.exf5 Bc6 25.Bh6 Rfe8 26.Nd4 Bf8 27.Bxf8 Rxf8 28.fxg6 fxg6 29.Ne6 Qd7
30.Nxf8 Qxh3+ 31.Kg1  1-0